|
|
|
|
| LEADER |
00000nam a2200000 a 4500 |
| 001 |
vtls001304611 |
| 003 |
SK-MaSNL |
| 005 |
20260302063243.0 |
| 008 |
240313s1989 xo a r 0 pol |
| 020 |
|
|
|a 8301052031
|c [340,00]
|
| 020 |
|
|
|a 830107227X
|
| 035 |
|
|
|a SNK000256807
|
| 040 |
|
|
|a SNK
|b slo
|c SNK
|e AACR2
|
| 041 |
0 |
|
|a pol
|
| 044 |
|
|
|a xo
|c SK
|
| 080 |
|
|
|a 7.032.6(091)
|2 1981
|
| 100 |
1 |
|
|a Bernhard, Maria Ludwika,
|d 1908-1998
|4 aut
|9 189906
|
| 245 |
1 |
|
|a Historia starożytnej sztuki greckiej
|n Tom 1
|p Sztuka grecka archaiczna
|c Maria Ludwika Bernhard
|
| 260 |
|
|
|a Warszawa
|b Państwowe wydawnictwo naukowe
|c 1989
|
| 300 |
|
|
|a 622 s.
|c 25 cm
|
| 650 |
0 |
7 |
|a grécke antické umenie
|x dejiny
|2 SNK
|9 724264
|
| 651 |
|
7 |
|a grécke antické umenie
|x dejiny
|2 SNK
|9 63948
|
| 919 |
|
|
|a 83-01-05203-1
|
| 919 |
|
|
|a 83-01-07227-X
|
| 958 |
|
|
|a OND
|
| 999 |
|
|
|c 1132012
|d 1133942
|
| 952 |
|
|
|t P60, <04>, [BOOK], {604}
|a SNK
|b SNK
|y VYP
|7 0
|p 17A0212884
|o snkIC 128086/1
|i snkV 1359/99
|0 0
|1 0
|4 0
|d 1999-10-11
|l 0
|r 2005-01-02 00:00:00
|w 2026-02-24
|